| 000 | 01974nam a2200457 i 4500 | ||
|---|---|---|---|
| 001 | 196957 | ||
| 003 | ES-MaACL | ||
| 005 | 20250819063115.0 | ||
| 008 | 250227s202412 spca|||||c||||||| ||cat|c | ||
| 017 |
_aT 1170-2024 _bOficina Depósito Legal Tarragona |
||
| 020 | _a9788419166104 | ||
| 040 |
_aES-BaUB _bcat _erda _cES-BaUB |
||
| 080 | _a7(460.23)Cho | ||
| 100 | 1 |
_aChordà, Mari, _d1942- _9239680 _eaut |
|
| 240 | 1 | 0 |
_aObres. _kSeleccions |
| 245 | 1 | 0 |
_aMari Chordà : _bde l'arrel al més lluny / _cAssumpta Bassas, Marta Darder, Teresa Grandas, Elsa Plaza, Meri Torras ; comissària: Teresa Grandas. |
| 250 | _aPrimera edición | ||
| 264 | 1 |
_aTarragona : _bMuseu d'Art Modern de la Diputació de Tarragona, _c2024 |
|
| 300 |
_a179 páginas : _bilustrado a color ; _c31 cm |
||
| 336 |
_atexto _btxt _2rdacontent |
||
| 336 |
_aimagen fija _bsti _2rdacontent |
||
| 337 |
_asin mediación _bn _2rdamedia |
||
| 338 |
_avolum _bnc _2rdacarrier |
||
| 490 | 1 | _aTamarit | |
| 500 | _aCatálogo de la exposición celebrada en el Museu d'Art Modern de la Diputación de Tarragona del 2 de febrero al 28 de abril de 2024 y en el MACBA Museu d'Art Contemporani de Barcelona del 5 de julio de 2024 al 12 de enero de 2025. | ||
| 546 | _aTextos en catalán, español e inglés | ||
| 600 | 0 |
_aChordà, Mari, _d1942- _9239680 |
|
| 655 | 7 |
_aCatálogos de exposiciones _2tgfbne _9193628 |
|
| 700 | 1 |
_aBassas, Assumpta _9239684 _eaut |
|
| 700 |
_aDarder, Marta _9239685 _eaut |
||
| 700 |
_aGrandas, Teresa _9239686 _eaut |
||
| 700 |
_aPlaza, Elsa _9239687 _eaut |
||
| 700 |
_aTorras, Meri, _d1968- _9239688 _eaut |
||
| 830 | 0 |
_aTamarit _9239689 |
|
| 852 |
_aES-MaCL _cDEPOJ _jN-10451 _xEncuadernación cartoné _9206574 _hDonación: Editorial |
||
| 942 |
_cMONOGRAFIA _n0 |
||
| 999 |
_c196957 _d196957 |
||